000 00693nam a22002057a 4500
999 _c442506
_d442506
003 UA-OsUOA
005 20191011114328.0
008 191011b un ||||| |||| 00| 0 ukr d
040 _aUA-OsUOA
_bukr
_cUA-OsUOA
_dUA-OsUOA
041 _aukr
080 _a811.111
090 _a811.111
100 _aПайл М
245 _aПособие для подготовки к экзаменам по английскому языку
_bучебное издание
_cМайкл А. Пайл, Мэри Эллен Муньос ; ред. Джерри Боброу
300 _a231 с.
440 _aКлиффс
700 1 _aПайл М., Муньос М
942 _2udc
_cBK
955 _a2